| 000 | 00827nam a2200181Ia 4500 | ||
|---|---|---|---|
| 008 | 151018s9999 xx 000 0 und d | ||
| 082 |
_bRBASDV10702 _a891.464 |
||
| 100 | _aचंद्रकला हाटे | ||
| 245 | _aस्वातंत्र्योत्तर भारतीय स्त्री | ||
| 250 | _b1 | ||
| 260 |
_bमहाराष्ट्र राज्य साहित्य संस्कुती मंडळ मुंबई _c1973 |
||
| 300 | _a296 | ||
| 600 | _aचंद्रकला हाटे | ||
| 630 | _aस्वातंत्र्योत्तर भारतीय स्त्री | ||
| 700 | _aचंद्रकला हाटे | ||
| 730 | _aस्वातंत्र्योत्तर भारतीय स्त्री | ||
| 942 | _cBOOK | ||
| 999 |
_c1013058 _d1013055 |
||